Перспективы добычи нефти и газа на шельфе Вьетнама; Творчество юных - шаг в успешное будущее

Бібліографічні деталі
Parent link:Творчество юных - шаг в успешное будущее.— 2014.— [С. 244-246]
Автор: Фам Ву Ань
Співавтор: Национальный исследовательский Томский политехнический университет (ТПУ) Институт природных ресурсов (ИПР) Кафедра геологии и разведки полезных ископаемых (ГРПИ)
Інші автори: Цибульникова М. Р. Маргарита Радиевна (научный руководитель)
Резюме:Заглавие с титульного экрана
Мова:Російська
Опубліковано: 2014
Серія:Нефтегазоносность морей и океанов Земли
Предмети:
Онлайн доступ:http://www.lib.tpu.ru/fulltext/c/2015/C66/091.pdf
Формат: Електронний ресурс Частина з книги
KOHA link:https://koha.lib.tpu.ru/cgi-bin/koha/opac-detail.pl?biblionumber=612508

MARC

LEADER 00000naa2a2200000 4500
001 612508
005 20231101132718.0
035 |a (RuTPU)RU\TPU\conf\10630 
035 |a RU\TPU\conf\10629 
090 |a 612508 
100 |a 20150617d2014 k y0rusy50 ca 
101 0 |a rus 
102 |a RU 
105 |a y z 101zy 
135 |a drcn ---uucaa 
181 0 |a i  
182 0 |a b 
200 1 |a Перспективы добычи нефти и газа на шельфе Вьетнама   |f Фам Ву Ань  |g науч. рук. М. Р. Цибульникова 
203 |a Текст  |c электронный 
225 1 |a Нефтегазоносность морей и океанов Земли 
230 |a 1 компьютерный файл (pdf; 602 Кб) 
300 |a Заглавие с титульного экрана 
320 |a [Библиогр.: с. 246 (3 назв.)] 
337 |a Adobe Reader 
463 0 |0 (RuTPU)RU\TPU\conf\10372  |t Творчество юных - шаг в успешное будущее  |o материалы VII Всероссийской научной студенческой конференции с элементами научной школы имени профессора М.К. Коровина, г. Томск, 10-14 ноября 2014 г.  |f Национальный исследовательский Томский политехнический университет (ТПУ) ; под ред. А. Ю. Дмитриева  |v [С. 244-246]  |d 2014 
610 1 |a труды учёных ТПУ 
610 1 |a электронный ресурс 
610 1 |a перспективы 
610 1 |a добыча 
610 1 |a нефти 
610 1 |a газы 
610 1 |a шельфы 
610 1 |a Вьетнам 
700 0 |a Фам Ву Ань 
702 1 |a Цибульникова  |b М. Р.  |c геолог  |c доцент Томского политехнического университета, кандидат географических наук  |f 1958-  |g Маргарита Радиевна  |2 stltpush  |4 727 
712 0 2 |a Национальный исследовательский Томский политехнический университет (ТПУ)  |b Институт природных ресурсов (ИПР)  |b Кафедра геологии и разведки полезных ископаемых (ГРПИ)  |h 2181  |2 stltpush  |3 (RuTPU)RU\TPU\col\18660 
801 2 |a RU  |b 63413507  |c 20161014  |g RCR 
856 4 |u http://www.lib.tpu.ru/fulltext/c/2015/C66/091.pdf 
942 |c BK